The Effect of Sectoral Division on GDP per Capita in the Slovak Republic

Príspevok si kladie za cieľ analyzovať odvetvové členenie národného hospodárstva v Slovenskej republike z rôznych hľadísk. Autori skúmajú vývojové zmeny v počte ľudí zamestnaných v rôznych ekonomických sektoroch (primárny, sekundárny, terciárny a kvartérny) od roku 1948 do roku 2018, ktoré odzrkadľu...

Descrizione completa

Salvato in:
Dettagli Bibliografici
Autore principale: Burger, Peter
Altri autori: Šlampiaková, Lea, 1992-
Natura: Capitolo di libro
Lingua:inglese
Soggetti:
Tags: Aggiungi Tag
Nessun Tag, puoi essere il primo ad aggiungerne!!

MARC

LEADER 00000naa a2200000 4500
001 0304584
005 20250818084538.5
041 0 |a eng 
044 |a CZ 
245 1 0 |a The Effect of Sectoral Division on GDP per Capita in the Slovak Republic  |c Peter Burger, Lea Šlampiaková 
520 |a Príspevok si kladie za cieľ analyzovať odvetvové členenie národného hospodárstva v Slovenskej republike z rôznych hľadísk. Autori skúmajú vývojové zmeny v počte ľudí zamestnaných v rôznych ekonomických sektoroch (primárny, sekundárny, terciárny a kvartérny) od roku 1948 do roku 2018, ktoré odzrkadľujú prirodzený vývoj ekonomiky v tomto období. 
610 2 0 |a zamestnanosť 
610 2 0 |a výkonnosť ekonomiky 
610 2 0 |a sektory hospodárske 
100 1 |a Burger, Peter 
700 1 |a Šlampiaková, Lea, 1992-